| 000 | 00583nam a22001937a 4500 | ||
|---|---|---|---|
| 999 |
_c12451 _d12451 |
||
| 008 | 210202b ||||| |||| 00| 0 eng d | ||
| 020 |
_a81-7145-023-7 _cRs.125.00 |
||
| 041 | 0 | _ahin | |
| 082 | 0 | 0 |
_a891.43 _bB2149 |
| 100 |
_93465 _aBandyopadhaya, Tarasankar |
||
| 245 | 1 | 0 |
_aKala phool / _cby Tarasankar Bandyopadhaya |
| 245 | 1 | 0 |
_aकाला फूल / _cतराशंकर बंद्योपाध्याय |
| 250 | _a1st ed. | ||
| 260 |
_aDelhi: _bShanmarg prakashan, _c1993. |
||
| 300 | _a222 p. | ||
| 365 | _bINR 125.00 | ||
| 650 | 0 | _aHindi fiction | |
| 942 | _cBK | ||